[Event "SE-2011-0-00098"]
[Site "LSS email"]
[Date "2012.01.21"]
[Round "?"]
[White "Roegiers, Ludo"]
[Black "Will, Michael"]
[Result "1-0"]
[WhiteElo "1339"]
[BlackElo "1156"]
[PlyCount "20"]
[EventDate "2011.12.01"]
[EventType "tourn (corr)"]
[EventRounds "6"]
[EventCountry "GER"]
[SourceTitle "Corr 2015"]
[Source "ChessBase"]
[SourceDate "2015.07.17"]
[SourceVersion "1"]
[SourceVersionDate "2015.07.17"]
[SourceQuality "1"]

1. d4 Nf6 2. Bg5 e6 3. e4 h6 4. Bxf6 Qxf6 5. c3 d6 6. Bd3 Qg5 7. g3 e5 8. Nd2 g6 9. Ngf3 Qe7 10. Qa4+ Nd7 1-0